Statistics for The Elvis Quiz

Click here to take the quiz!

General Stats

  • This quiz has been taken 46 times
  • The average score is 2 of 10

Answer Stats

Question Answer % Correct
What was his Father's name?Vernon
79%
Where was Elvis born?Tupelo, Mississippi
69%
What was his first single?Heartbreak Hotel
44%
What WWE Superstar looked up to Elvis?The Rock
18%
What was the name of the Orchestra that was added in some of Elvis' songs?Royal Philharmonic Orchestra
10%
Who was Elvis' best-friend?George Klein
8%
What year was his "Special Comeback"?The '68 Comeback
5%
Finnish the Lyrics, "You are... "Always On My Mind
5%
What was Elvis' manager's name?Coloniel Tom Parker
5%
What was the original name for "The Jungle Room"?The Den off the Kitchen
5%

Score Distribution

Percentile by Number Answered

Percent of People with Each Score

Your Score History

You have not taken this quiz